MARC details
| 000 -CABECERA |
| campo de control de longitud fija |
01114nam a2200289 a 4500 |
| 001 - NÚMERO DE CONTROL |
| campo de control |
000015121 |
| 005 - FECHA Y HORA DE LA ÚLTIMA TRANSACCIÓN |
| campo de control |
20240521193438.0 |
| 008 - DATOS DE LONGITUD FIJA--INFORMACIÓN GENERAL |
| campo de control de longitud fija |
100201s2000 dr r 000 0 spa d |
| 020 ## - NÚMERO INTERNACIONAL ESTÁNDAR DEL LIBRO |
| Número Internacional Estándar del Libro |
9993402478 |
| 040 ## - FUENTE DE LA CATALOGACIÓN |
| Centro catalogador/agencia de origen |
DO-SdBNP |
| Lengua de catalogación |
spa |
| Centro/agencia transcriptor |
BNPHU |
| 082 ## - NÚMERO DE LA CLASIFICACIÓN DECIMAL DEWEY |
| Número de clasificación |
342 |
| Número de documento/Ítem |
R457i |
| 100 1# - ENTRADA PRINCIPAL--NOMBRE DE PERSONA |
| Nombre de persona |
Reyes Cerda, Nelson |
| 9 (RLIN) |
10169 |
| 245 10 - MENCIÓN DE TÍTULO |
| Título |
Introducción al derecho ; |
| Resto del título |
Lecciones de derecho constitucional / |
| Mención de responsabilidad, etc. |
Nelson Reyes Cerda. |
| 246 24 - FORMA VARIANTE DE TÍTULO |
| Resto del título |
Elementos del derecho público principios generales del derecho |
| 260 ## - PUBLICACIÓN, DISTRIBUCIÓN, ETC. |
| Lugar de publicación, distribución, etc. |
Santo Domingo : |
| Nombre del editor, distribuidor, etc. |
[s.n.], |
| Fecha de publicación, distribución, etc. |
2000. |
| 300 ## - DESCRIPCIÓN FÍSICA |
| Extensión |
237 p. ; |
| Dimensiones |
21 cm. |
| 490 1# - MENCIÓN DE SERIE |
| Mención de serie |
Estudios de derecho constitucional. |
| 501 ## - NOTA DE "CON" |
| Nota de “Con” |
Publicado con: Lecciones de derecho constitucional. |
| 504 ## - NOTA DE BIBLIOGRAFÍA, ETC. |
| Nota de bibliografía, etc. |
Bibliografía : p. 235-237. |
| 563 ## - NOTA DE ENCUADERNACIÓN |
| Nota de encuadernación |
Dos obras encuadernadas juntas con paginación continua |
| 590 ## - NOTA LOCAL (RLIN) |
| Nota local |
Inventariado, 2018/BT |
| 650 #0 - PUNTO DE ACCESO ADICIONAL DE MATERIA--TÉRMINO DE MATERIA |
| Término de materia o nombre geográfico como elemento de entrada |
Derecho constitucional |
| 9 (RLIN) |
10314 |
| 650 #4 - PUNTO DE ACCESO ADICIONAL DE MATERIA--TÉRMINO DE MATERIA |
| Término de materia o nombre geográfico como elemento de entrada |
Filosofía del derecho |
| 9 (RLIN) |
1175 |
| 700 12 - PUNTO DE ACCESO ADICIONAL--NOMBRE DE PERSONA |
| Nombre de persona |
Reyes Cerda, Nelson |
| Título de la obra |
Lecciones de derecho constitucional |
| 9 (RLIN) |
34216 |
| 830 #0 - PUNTO DE ACCESO ADICIONAL DE SERIE-TÍTULO UNIFORME |
| Título uniforme |
Estudios de derecho constitucional |
| 9 (RLIN) |
9304 |
| 910 ## - DATOS DE OPCIÓN DEL USUARIO (OCLC) |
| Datos de opción del usuario |
Validado. Control de calidad. MMOLINA |